La lechuza hambrienta y el astro sol / (Registro nro. 7441)
[ vista simple ]
| 000 -LIDER | |
|---|---|
| fixed length control field | 00856nam a2200289 a 4500 |
| 001 - NÚMERO DE CONTROL | |
| Identificador de número de control | 000044489 |
| 003 - IDENTIFICACDOR DE NÚMERO DE CONTROL | |
| control field | DO-SdBNP |
| 005 - DATE AND TIME OF LATEST TRANSACTION | |
| control field | 20240520094215.0 |
| 007 - CAMPOS FIJOS DE DESCRIPCIÓN FÍSICA | |
| fixed length control field | 000044489 |
| 008 - ELEMENTOS DE LONGITUD FIJA | |
| fixed length control field | 140703s2003 dr a 000 0 spa d |
| 020 ## - ISBN | |
| International Standard Book Number | 9993461865 |
| 040 ## - FUENTE DE CATALOGACIÓN | |
| Agencia que crea de manera original el registro | BPMSU |
| Idioma de catalogación | spa |
| Agencia que realiza la transcripción | BPMSU |
| 082 ## - NÚMERO DE CLASIFICACIÓN DECIMAL DE DEWEY | |
| Classification number | RD863.44 |
| Item number | P573l 2003 |
| Edition number | 22 |
| 092 ## - LOCALLY ASSIGNED DEWEY DECIMAL CALL NUMBER | |
| Número de clasificación | xxxx |
| Número de ítem (Cutter) | xxxx |
| 100 1# - ASIENTO PRINCIPAL -- NOMBRE PERSONAL | |
| Nombre personal | Phipps, Miguel |
| 245 13 - MENCIÓN DE TITULO | |
| Título | La lechuza hambrienta y el astro sol / |
| Mención de responsabilidad | Miguel Phipps ; diseño e ilustraciones Ohanda Coste. |
| 260 ## - PUBLICACIÓN, DISTRIBUCIÓN, ETC. (PIE DE IMPRENTA) | |
| Lugar de publicación, distribución, etc | Santo Domingo : |
| Nombre del editor, distribuidor, etc. | Editora Búho, |
| Fecha de publicación, distribución, etc | 2003. |
| 300 ## - DESCRIPCIÓN FÍSICA | |
| Extensión | 20 p. : |
| Otros detalles físicos | il., ; |
| Dimensiones | 28 cm. |
| 490 0# - MENCIÓN DE SERIES | |
| Mención de serie | Infantil Phipps, |
| Volume/sequential designation | 1 |
| 590 ## - NOTA LOCAL | |
| Texto de la nota local | Inventariado, 2024/VM |
| 650 #4 - ENCABEZAMIENTO DE MATERIA--TEMÁTICO | |
| Término temático o nombre geográfico como elemento de entrada | Cuentos infantiles dominicanos |
| 650 #4 - ENCABEZAMIENTO DE MATERIA--TEMÁTICO | |
| Término temático o nombre geográfico como elemento de entrada | Libros infantiles ilustrados |
| 700 1# - ASIENTO SECUNDARIO -- NOMBRE PERSONAL | |
| Nombre personal | Coste, Ohanda |
| Mención de responsabilidad | il. |
| 910 ## - VALIDACIÓN | |
| Validación | VMateo V. Control de calidad. BPMSU |
| 942 ## - ADDED ENTRY ELEMENTS (KOHA) | |
| Source of classification or shelving scheme | Dewey Decimal Classification |
| Koha item type | Libros |
| 956 ## - LOCAL ELECTRONIC LOCATION AND ACCESS (OCLC) | |
| Nombre de host | |
| Withdrawn status | Lost status | Source of classification or shelving scheme | Damaged status | Not for loan | Collection code | Home library | Current library | Date acquired | Total Checkouts | Full call number | Barcode | Date last seen | Price effective from | Koha item type | Copy number |
|---|---|---|---|---|---|---|---|---|---|---|---|---|---|---|---|
| Dewey Decimal Classification | Colección Infantil Dominicana | Biblioteca Pública Metropolitana Salomé Ureña | Biblioteca Pública Metropolitana Salomé Ureña | 02/18/2015 | BPMSU CDI RD863.44 P573l 2003 | BPMSU15041376 | 02/18/2015 | 02/18/2015 | Libros | ||||||
| Dewey Decimal Classification | Colección Infantil Dominicana | Biblioteca Pública Metropolitana Salomé Ureña | Biblioteca Pública Metropolitana Salomé Ureña | 02/18/2015 | BPMSU15041377 | 02/18/2015 | 02/18/2015 | Libros | e. 2 |